<?xml version="1.0" encoding="UTF-8"?>
<marc:record xmlns:marc="http://www.loc.gov/MARC21/slim">
   <marc:leader>00000nam a2200000 a 4500</marc:leader>
   <marc:datafield ind1=" " ind2=" " tag="653">
      <marc:subfield code="a">Tonies</marc:subfield>
   </marc:datafield>
   <marc:datafield ind1="0" ind2="0" tag="245">
      <marc:subfield code="a">JoNaLu [Tonies]</marc:subfield>
   </marc:datafield>
   <marc:datafield ind1="0" ind2="0" tag="245">
      <marc:subfield code="b">Lu kann nicht schlafen ; Heiß und kalt</marc:subfield>
   </marc:datafield>
   <marc:datafield ind1=" " ind2="1" tag="264">
      <marc:subfield code="b">LEONINE</marc:subfield>
      <marc:subfield code="c">2023</marc:subfield>
   </marc:datafield>
   <marc:datafield ind1="1" ind2=" " tag="520">
      <marc:subfield code="a">Hörspiel ab 3 Jahren
 JoNaLu – Das sind die Mäuse Jo und Naya mit ihrem kleinen Marienkäfer-Freund Ludwig. Auf spannenden Entdeckungstouren in Haus und Garten erleben die kleinen Helden viele neue Abenteuer.
Lu kann nicht schlafen – Ludwig will partout nicht schlafen, dabei ist es schon spät! Jo und Naya versuchen alles, um den kleinen Käfer zum Einschlafen zu bringen. </marc:subfield>
   </marc:datafield>
   <marc:datafield ind1="3" ind2=" " tag="024">
      <marc:subfield code="a">4251192132086</marc:subfield>
   </marc:datafield>
</marc:record>
